| 000 | 00960cam a22002775i 4500 | ||
|---|---|---|---|
| 999 |
_c15494 _d15494 |
||
| 001 | 3542974 | ||
| 003 | EG-ScBUE | ||
| 005 | 20210111135517.0 | ||
| 008 | 970418s2009 enk g 000 f eng d | ||
| 020 | _a0747598258 | ||
| 020 | _a9780747598251 | ||
| 040 |
_aDLC _beng _erda _cDLC _dDLC _dEG-ScBUE |
||
| 082 | 0 | 4 |
_a813.54 _bGIL _222 |
| 100 | 1 |
_aGilbert, Elizabeth, _d1969- _eauthor. |
|
| 245 | 1 | 0 |
_aPilgrims / _cElizabeth Gilbert. |
| 264 | 1 |
_aLondon : _bBloomsbury, _c2009. |
|
| 300 |
_a210 pages ; _c22 cm |
||
| 336 |
_atext _btxt _2rdacontent |
||
| 337 |
_aunmediated _bn _2rdamedia |
||
| 338 |
_avolume _bnc _2rdacarrier |
||
| 650 | 7 |
_aManners and customs _vFiction. _2BUEsh _930686 |
|
| 651 | 7 |
_aUnited States _xSocial life and customs _y20th century _vFiction. _2BUEsh _924526 |
|
| 653 |
_bHHUUEENN _cJune2011 |
||
| 942 |
_2ddc _cBB |
||